00498nam a2200193 a 4500001001300000003000900013005001700022008004100039020002300080082002100103100001900124245003700143260003500180300000900215500003500224505001000259650001600269700001900285nice12345678IN_TiNIC20260116013731.0050524s1998 dela grp 000 0 eng  a8176295 c30000a306.0899145bNIK aNikam, Shriram aDestiny of Untouchables in India aDelhibDeep and Deep Pubc1998 a163p aincludes index and biblioraphy2 aIndex aCaste-India1 aNikam, Shriram